[Event "Amantea op-B 7th"]
[Site "Amantea"]
[Date "2009.09.03"]
[Round "4"]
[White "Carlomagno, Vincenzo"]
[Black "Di Mauro, Dante"]
[Result "1/2-1/2"]
[WhiteElo "1488"]
[BlackElo "1715"]
[PlyCount "26"]
[EventDate "2009.08.31"]
[EventType "swiss"]
[EventRounds "8"]
[EventCountry "ITA"]
[SourceTitle "CBM 132 Extra"]
[Source "ChessBase"]
[SourceDate "2009.11.03"]
[SourceVersion "1"]
[SourceVersionDate "2009.11.03"]
[SourceQuality "1"]

1. e4 c6 2. d4 d5 3. Nd2 dxe4 4. Nxe4 Bf5 5. Ng3 Bg6 6. h4 h6 7. Nf3 Nd7 8. h5 Bh7 9. Bd3 Bxd3 10. Qxd3 e6 11. Bf4 Qa5+ 12. Bd2 Qc7 13. 0-0-0 0-0-0 1/2-1/2